[Event "Titled Tuesday intern op 04th Mar Early"]
[Site "Chess.com INT"]
[Date "2025.03.04"]
[Round "8"]
[White "Jimenez Salas, Maria Teresa"]
[Black "Thomas, Anysia"]
[Result "1-0"]
[WhiteElo "2071"]
[BlackElo "2144"]
[PlyCount "97"]
[EventDate "2025.03.04"]
[EventType "swiss (blitz)"]
[EventRounds "11"]
[EventCountry "USA"]
[SourceTitle "CB11_2025"]
[SourceDate "2025.03.12"]
[SourceVersion "1"]
[SourceVersionDate "2025.03.12"]
[SourceQuality "1"]

1. e4 c5 2. Nf3 g6 3. c4 Nc6 4. d4 cxd4 5. Nxd4 Bg7 6. Be3 Nf6 7. Nc3 Ng4 8. Qxg4 Nxd4 9. Qd1 e5 10. f3 0-0 11. Bd3 d6 12. 0-0 Be6 13. Qd2 Qa5 14. Nd5 Qxd2 15. Bxd2 Bxd5 16. cxd5 Rfc8 17. Rac1 Kf8 18. Bb4 Ke7 19. Kf2 Bh6 20. Rxc8 Rxc8 21. Bc3 b6 22. Rd1 Bg7 23. Bd2 Rc5 24. Rc1 f5 25. b4 Rxc1 26. Bxc1 f4 27. Ke1 h6 28. Kd2 g5 29. Kc3 Kd7 30. a4 Kc7 31. Kc4 Bf8 32. Bb2 Bg7 33. a5 bxa5 34. bxa5 Bf6 35. Ba3 Be7 36. Kc3 h5 37. h3 h4 38. Kc4 Kb7 39. Bb2 Bf6 40. Bc3 Kc7 41. Kb4 Kb7 42. Bf1 Kc7 43. Ba6 Be7 44. Bd3 Kb7 45. Be1 Kc7 46. Bf2 Bf6 47. Kc3 Kb7 48. Bf1 Kc7 49. Ba6 1-0

[Event "Titled Tuesday intern op 04th Mar Early"]
[Site "Chess.com INT"]
[Date "2025.03.04"]
[Round "7"]
[White "Mirimanian, Hayk"]
[Black "Thomas, Anysia"]
[Result "1-0"]
[WhiteElo "2251"]
[BlackElo "2144"]
[PlyCount "61"]
[EventDate "2025.03.04"]
[EventType "swiss (blitz)"]
[EventRounds "11"]
[EventCountry "USA"]
[SourceTitle "CB11_2025"]
[SourceDate "2025.03.12"]
[SourceVersion "1"]
[SourceVersionDate "2025.03.12"]
[SourceQuality "1"]

1. e4 c5 2. Nf3 g6 3. c4 Nc6 4. d4 cxd4 5. Nxd4 Bg7 6. Be3 Nf6 7. Nc3 Ng4 8. Qxg4 Nxd4 9. Qd1 e5 10. Be2 0-0 11. 0-0 d6 12. Nd5 Be6 13. Rc1 Rc8 14. b3 a6 15. Bg4 f5 16. Bxd4 exd4 17. exf5 Bxf5 18. Bxf5 Rxf5 19. Re1 Re5 20. Qg4 Kh8 21. f4 Rxe1+ 22. Rxe1 d3 23. Qd1 Qh4 24. g3 Qh3 25. Qxd3 Rf8 26. Re7 g5 27. Qe3 gxf4 28. Nxf4 Qg4 29. Re8 Qd1+ 30. Kg2 Qc2+ 31. Qe2 1-0

[Event "Titled Tuesday intern op 04th Mar Early"]
[Site "Chess.com INT"]
[Date "2025.03.04"]
[Round "3"]
[White "Thomas, Anysia"]
[Black "Levitan, Caleb Levi"]
[Result "1/2-1/2"]
[WhiteElo "2144"]
[BlackElo "2327"]
[PlyCount "91"]
[EventDate "2025.03.04"]
[EventType "swiss (blitz)"]
[EventRounds "11"]
[EventCountry "USA"]
[SourceTitle "CB11_2025"]
[SourceDate "2025.03.12"]
[SourceVersion "1"]
[SourceVersionDate "2025.03.12"]
[SourceQuality "1"]

1. d4 d5 2. c4 e6 3. Nf3 Nf6 4. g3 dxc4 5. Bg2 Bb4+ 6. Bd2 c5 7. 0-0 0-0 8. a3 Bxd2 9. Qxd2 Nc6 10. dxc5 Qe7 11. Qe3 Nd5 12. Qc1 Qxc5 13. Nc3 Nxc3 14. Qxc3 b5 15. Ne5 Nxe5 16. Bxa8 Bd7 17. Bg2 Bc6 18. Bxc6 Nxc6 19. Rad1 a5 20. Rc1 Nd4 21. Qe3 e5 22. Rfd1 b4 23. axb4 axb4 24. Qe4 c3 25. bxc3 bxc3 26. Rd3 c2 27. Rd2 Qc3 28. Rcxc2 Nxc2 29. Qxc2 Qa1+ 30. Kg2 Qa8+ 31. f3 Rc8 32. Qd3 g6 33. Qd7 Re8 34. e4 Qc8 35. Qxc8 Rxc8 36. Kf2 Kg7 37. Ke3 Kf6 38. Rd3 Ke6 39. Ra3 Rc2 40. Ra6+ Kd7 41. Ra7+ Rc7 42. Rxc7+ Kxc7 43. Kd3 Kd6 44. Kc4 Kc6 45. f4 f6 46. fxe5 1/2-1/2

[Event "Titled Tuesday intern op 25th Feb Early"]
[Site "Chess.com INT"]
[Date "2025.02.25"]
[Round "5"]
[White "Altynbek, Aiaru"]
[Black "Thomas, Anysia"]
[Result "1-0"]
[WhiteElo "2005"]
[BlackElo "2144"]
[PlyCount "63"]
[EventDate "2025.02.25"]
[EventType "swiss (blitz)"]
[EventRounds "11"]
[EventCountry "USA"]
[SourceTitle "CB10_2025"]
[SourceDate "2025.03.05"]
[SourceVersion "1"]
[SourceVersionDate "2025.03.05"]
[SourceQuality "1"]

1. d4 Nf6 2. c4 g6 3. Nc3 d5 4. cxd5 Nxd5 5. e4 Nxc3 6. bxc3 Bg7 7. Nf3 c5 8. Bb5+ Nd7 9. 0-0 0-0 10. Re1 Nf6 11. Bf1 Bg4 12. e5 Nd5 13. c4 Nc3 14. Qd3 cxd4 15. Nxd4 Na4 16. Qe4 Qc8 17. Ba3 Re8 18. Rac1 Be6 19. Nxe6 Qxe6 20. c5 Qc6 21. Qb4 a6 22. Rc4 b5 23. cxb6 Qxb6 24. Qxa4 Qe6 25. Rc6 Qxa2 26. Rxa6 Rxa6 27. Qxe8+ Bf8 28. Bxa6 Qxa3 29. Bf1 Qb4 30. Rd1 h5 31. Rd8 e6 32. Rd7 1-0

[Event "Titled Tuesday intern op 25th Feb Early"]
[Site "Chess.com INT"]
[Date "2025.02.25"]
[Round "6"]
[White "Thomas, Anysia"]
[Black "Andrade, Ivan"]
[Result "0-1"]
[WhiteElo "2144"]
[BlackElo "2161"]
[PlyCount "86"]
[EventDate "2025.02.25"]
[EventType "swiss (blitz)"]
[EventRounds "11"]
[EventCountry "USA"]
[SourceTitle "CB10_2025"]
[SourceDate "2025.03.05"]
[SourceVersion "1"]
[SourceVersionDate "2025.03.05"]
[SourceQuality "1"]

1. d4 Nf6 2. c4 e6 3. Nf3 b6 4. g3 Ba6 5. Nbd2 Be7 6. Bg2 0-0 7. 0-0 d5 8. cxd5 exd5 9. Re1 Nbd7 10. Ne5 Bb7 11. a3 Bd6 12. Ndf3 h6 13. b4 c6 14. Bb2 Re8 15. Rc1 Rc8 16. Qa4 Qc7 17. Nxc6 b5 18. Ne7+ Rxe7 19. Rxc7 bxa4 20. Rxb7 Nb6 21. Rxe7 Bxe7 22. Rc1 Rxc1+ 23. Bxc1 Ne4 24. Ne5 Nc3 25. Bf3 Bf6 26. Nc6 a6 27. Kg2 Nc4 28. Nb8 a5 29. bxa5 Nxa5 30. Na6 Bxd4 31. Nb4 Nb3 32. Bb2 Nxe2 33. Bxd4 Nexd4 34. Bxd5 Nb5 35. Bc6 N3d4 36. Bd7 Kf8 37. f4 Ke7 38. Bg4 Nxa3 39. Bd1 Nb3 40. Kf3 Nb5 41. Nd5+ Kd6 42. Nb6 Nc3 43. Bxb3 axb3 0-1

[Event "Titled Tuesday intern op 25th Feb Early"]
[Site "Chess.com INT"]
[Date "2025.02.25"]
[Round "3"]
[White "Thomas, Anysia"]
[Black "Nikhil, M."]
[Result "0-1"]
[WhiteElo "2144"]
[BlackElo "2261"]
[PlyCount "70"]
[EventDate "2025.02.25"]
[EventType "swiss (blitz)"]
[EventRounds "11"]
[EventCountry "USA"]
[SourceTitle "CB10_2025"]
[SourceDate "2025.03.05"]
[SourceVersion "1"]
[SourceVersionDate "2025.03.05"]
[SourceQuality "1"]

1. d4 e6 2. c4 d5 3. Nf3 c5 4. g3 Nc6 5. cxd5 exd5 6. Nc3 Nf6 7. Bg2 cxd4 8. Nxd4 Bc5 9. Nb3 Bb6 10. 0-0 d4 11. Na4 0-0 12. Nxb6 axb6 13. Bg5 Re8 14. Bxc6 bxc6 15. Qxd4 Qxd4 16. Nxd4 c5 17. Nb5 Rxe2 18. Nc7 Ra7 19. Bxf6 gxf6 20. Nd5 Kg7 21. Nxb6 Be6 22. a4 Rxb2 23. Rfb1 Rc2 24. a5 Ba2 25. Rc1 Rxc1+ 26. Rxc1 Rxa5 27. Rc3 Be6 28. h4 Kf8 29. Kg2 Ke7 30. h5 Rb5 31. Na4 c4 32. h6 Kd6 33. Re3 Bd5+ 34. f3 Rb3 35. Nc3 Bc6 0-1

[Event "Titled Tuesday intern op 04th Feb Early"]
[Site "Chess.com INT"]
[Date "2025.02.04"]
[Round "1"]
[White "Lai, Duc Minh1"]
[Black "Thomas, Anysia"]
[Result "1-0"]
[WhiteElo "2073"]
[BlackElo "2144"]
[PlyCount "59"]
[EventDate "2025.02.04"]
[EventType "swiss (blitz)"]
[EventRounds "11"]
[EventCountry "USA"]
[SourceTitle "CB07_2025"]
[SourceDate "2025.02.12"]
[SourceVersion "1"]
[SourceVersionDate "2025.02.12"]
[SourceQuality "1"]

1. d4 Nf6 2. Bf4 g6 3. c3 Bg7 4. Nd2 d6 5. e4 c5 6. dxc5 dxc5 7. Ngf3 Nc6 8. Be2 0-0 9. 0-0 Bg4 10. Qc2 Bxf3 11. Nxf3 Qa5 12. h3 Rad8 13. e5 Nd5 14. Bg3 b5 15. a3 Qb6 16. Rad1 a5 17. Rfe1 b4 18. Bc4 e6 19. Bh4 Rd7 20. axb4 cxb4 21. Qb3 bxc3 22. Bxd5 Qa6 23. Bxc6 Qxc6 24. Qxc3 Qa4 25. Ra1 Qf4 26. Qxa5 h6 27. Bg3 Qf5 28. Ra4 Rfd8 29. Rf4 Qc2 30. Qc3 1-0

[Event "Titled Tuesday intern op 04th Feb Early"]
[Site "Chess.com INT"]
[Date "2025.02.04"]
[Round "7"]
[White "Thomas, Anysia"]
[Black "Buchenau, Frank"]
[Result "0-1"]
[WhiteElo "2144"]
[BlackElo "2190"]
[PlyCount "66"]
[EventDate "2025.02.04"]
[EventType "swiss (blitz)"]
[EventRounds "11"]
[EventCountry "USA"]
[SourceTitle "CB07_2025"]
[SourceDate "2025.02.12"]
[SourceVersion "1"]
[SourceVersionDate "2025.02.12"]
[SourceQuality "1"]

1. d4 e6 2. c4 Nf6 3. Nf3 b6 4. g3 Bb7 5. Bg2 Be7 6. 0-0 0-0 7. d5 exd5 8. Nh4 c6 9. cxd5 Nxd5 10. Nf5 Bf6 11. e4 Nc7 12. Re1 d5 13. e5 Be7 14. Qg4 g6 15. Nc3 Bc8 16. Nh6+ Kg7 17. Qf3 Bg5 18. Ng4 Bxg4 19. Qxg4 Bxc1 20. Raxc1 f5 21. exf6+ Qxf6 22. Re2 h5 23. Qh3 Nba6 24. Rce1 Rae8 25. a3 Nc5 26. g4 hxg4 27. Qxg4 Nd3 28. Rf1 Rxe2 29. Qxe2 Nf4 30. Qg4 Nce6 31. Re1 Nh3+ 32. Qxh3 Qxf2+ 33. Kh1 Qxe1+ 0-1

[Event "Titled Tuesday intern op 04th Feb Early"]
[Site "Chess.com INT"]
[Date "2025.02.04"]
[Round "11"]
[White "Thomas, Anysia"]
[Black "Gostev, Serghei"]
[Result "0-1"]
[WhiteElo "2144"]
[BlackElo "2262"]
[PlyCount "124"]
[EventDate "2025.02.04"]
[EventType "swiss (blitz)"]
[EventRounds "11"]
[EventCountry "USA"]
[SourceTitle "CB07_2025"]
[SourceDate "2025.02.12"]
[SourceVersion "1"]
[SourceVersionDate "2025.02.12"]
[SourceQuality "1"]

1. d4 d5 2. c4 e6 3. Nf3 Nf6 4. g3 Be7 5. Bg2 0-0 6. 0-0 dxc4 7. Ne5 c5 8. dxc5 Qc7 9. Nxc4 Rd8 10. Qc2 Qxc5 11. Be3 Qh5 12. Nc3 Ng4 13. h3 Nxe3 14. Nxe3 Nc6 15. Rad1 Bd7 16. g4 Qc5 17. Qe4 Be8 18. Qc4 Qa5 19. Nc2 Rac8 20. Qe4 b5 21. Nd4 Nxd4 22. Rxd4 b4 23. Nd1 Bf6 24. Rxd8 Rxd8 25. Qb7 Qxa2 26. Qxb4 a5 27. Qb6 a4 28. Nc3 Qb3 29. Qc7 Qb8 30. Qxb8 Rxb8 31. Ra1 Rxb2 32. Nxa4 Rb4 33. Ra2 Rxa4 34. Rd2 Kf8 35. Rc2 Ra1+ 36. Kh2 Rd1 37. e3 Rd8 38. f4 g5 39. Kg3 h6 40. Rc7 Rd7 41. Rc8 Ke7 42. Bf1 Rd8 43. Rc7+ Rd7 44. Rc4 Ra7 45. Rb4 Bd7 46. Bc4 Ra3 47. Kf2 gxf4 48. exf4 Bd4+ 49. Ke2 Bc5 50. Rb7 Kd6 51. Bd3 Ra2+ 52. Kf3 Rf2+ 53. Ke4 Rd2 54. Bb5 Bxb5 55. Rxb5 Rd4+ 56. Kf3 Rb4 57. Ra5 Rb3+ 58. Kg2 Kd5 59. g5 hxg5 60. fxg5 Rb2+ 61. Kg3 Rb3+ 62. Kg2 Rb4 0-1

[Event "Titled Tuesday intern op 04th Feb Early"]
[Site "Chess.com INT"]
[Date "2025.02.04"]
[Round "4"]
[White "Thomas, Anysia"]
[Black "Osmak, Iulija"]
[Result "0-1"]
[WhiteElo "2144"]
[BlackElo "2467"]
[PlyCount "52"]
[EventDate "2025.02.04"]
[EventType "swiss (blitz)"]
[EventRounds "11"]
[EventCountry "USA"]
[SourceTitle "CB07_2025"]
[SourceDate "2025.02.12"]
[SourceVersion "1"]
[SourceVersionDate "2025.02.12"]
[SourceQuality "1"]

1. d4 Nf6 2. c4 e6 3. Nc3 c5 4. d5 exd5 5. cxd5 d6 6. g3 g6 7. Bg2 Bg7 8. Nf3 0-0 9. 0-0 a6 10. a4 Re8 11. Bf4 Bf5 12. Rc1 Ne4 13. Nxe4 Bxe4 14. Qd2 Nd7 15. b4 Qb6 16. bxc5 Nxc5 17. Rc4 Nb3 18. Qb4 Qxb4 19. Rxb4 Bxd5 20. Bxd6 Rxe2 21. Rd1 Be6 22. Ng5 Nd2 23. Nxe6 fxe6 24. Rxb7 Rd8 25. Rb6 Bd4 26. Rb2 Bxb2 0-1

[Event "Titled Tuesday intern op 04th Feb Early"]
[Site "Chess.com INT"]
[Date "2025.02.04"]
[Round "10"]
[White "Thomas, Anysia"]
[Black "Quirke, Jeffrey"]
[Result "1-0"]
[WhiteElo "2144"]
[BlackElo "2036"]
[PlyCount "115"]
[EventDate "2025.02.04"]
[EventType "swiss (blitz)"]
[EventRounds "11"]
[EventCountry "USA"]
[SourceTitle "CB07_2025"]
[SourceDate "2025.02.12"]
[SourceVersion "1"]
[SourceVersionDate "2025.02.12"]
[SourceQuality "1"]

1. d4 Nf6 2. c4 g6 3. Nc3 d5 4. cxd5 Nxd5 5. e4 Nxc3 6. bxc3 Bg7 7. Be3 c5 8. Nf3 Qa5 9. Qd2 cxd4 10. cxd4 Qxd2+ 11. Nxd2 0-0 12. Be2 Nc6 13. Nb3 b6 14. 0-0 Bb7 15. Rac1 Rac8 16. a3 e6 17. h3 Rfd8 18. Rfd1 Bf8 19. a4 Nb4 20. Bg5 Rxc1 21. Rxc1 Rc8 22. Rxc8 Bxc8 23. Kf1 Bb7 24. f3 Kg7 25. a5 f5 26. axb6 axb6 27. exf5 gxf5 28. Bd8 Nd5 29. Nd2 Bb4 30. Nc4 b5 31. Ne5 Bc3 32. Bxb5 Bxd4 33. Nc4 Nc3 34. Bd7 Bd5 35. Na5 Nd1 36. Bc7 Ne3+ 37. Ke2 Nxg2 38. Nc6 Bf6 39. Kf2 Nh4 40. Ne5 Ng6 41. Nd3 Bh4+ 42. Ke2 Bf6 43. Bb6 e5 44. Bb5 e4 45. fxe4 fxe4 46. Nb4 Nf4+ 47. Ke3 Nxh3 48. Nxd5 Ng5 49. Kf4 Ne6+ 50. Ke3 Bg5+ 51. Kxe4 h5 52. Bd4+ Kg6 53. Kd3 h4 54. Ne3 h3 55. Nf1 Bf4 56. Bc6 h2 57. Bh1 Ng5 58. Be3 1-0

[Event "Titled Tuesday intern op 04th Feb Early"]
[Site "Chess.com INT"]
[Date "2025.02.04"]
[Round "2"]
[White "Thomas, Anysia"]
[Black "Vrashank, Chouhan"]
[Result "0-1"]
[WhiteElo "2144"]
[BlackElo "2199"]
[PlyCount "68"]
[EventDate "2025.02.04"]
[EventType "swiss (blitz)"]
[EventRounds "11"]
[EventCountry "USA"]
[SourceTitle "CB07_2025"]
[SourceDate "2025.02.12"]
[SourceVersion "1"]
[SourceVersionDate "2025.02.12"]
[SourceQuality "1"]

1. d4 d5 2. Nf3 c5 3. dxc5 Nf6 4. c4 e6 5. cxd5 exd5 6. g3 Bxc5 7. Bg2 0-0 8. 0-0 Nc6 9. Nc3 Re8 10. b3 Bf5 11. Bb2 Qd7 12. Na4 Be7 13. Rc1 Ne4 14. Nd4 Nxd4 15. Bxd4 Rac8 16. Rxc8 Rxc8 17. Bxa7 Qe6 18. Be3 h5 19. Nb6 Rd8 20. Na4 h4 21. Qd4 Bh3 22. Bxh3 Qxh3 23. Qe5 Bf6 24. Qf4 Bg5 25. Qf3 Bxe3 26. Qxe3 Re8 27. Qf4 b5 28. Nb2 g5 29. Qc1 Rc8 30. Qe3 Re8 31. Nd3 Re6 32. Rc1 hxg3 33. Rc7 Qxh2+ 34. Kf1 Qh1# 0-1

[Event "Titled Tuesday intern op 28th Jan Early"]
[Site "Chess.com INT"]
[Date "2025.01.28"]
[Round "3"]
[White "Fernandez, Michael"]
[Black "Thomas, Anysia"]
[Result "1-0"]
[WhiteElo "2195"]
[BlackElo "2144"]
[PlyCount "63"]
[EventDate "2025.01.28"]
[EventType "swiss (blitz)"]
[EventRounds "11"]
[EventCountry "USA"]
[SourceTitle "CB06_2025"]
[SourceDate "2025.02.05"]
[SourceVersion "1"]
[SourceVersionDate "2025.02.05"]
[SourceQuality "1"]

1. c4 g5 2. e4 c5 3. Ne2 Bg7 4. Ng3 Nc6 5. d3 e6 6. Nc3 h6 7. Nh5 Bxc3+ 8. bxc3 Nf6 9. Ng3 d5 10. cxd5 exd5 11. h4 g4 12. Qc2 dxe4 13. dxe4 Be6 14. Be3 Qa5 15. Be2 Nd4 16. Bxd4 cxd4 17. 0-0 Qxc3 18. Bb5+ Ke7 19. Qe2 Rac8 20. Nf5+ Bxf5 21. exf5+ Kf8 22. Rad1 Kg7 23. Rd3 Qc5 24. Ba4 Qxf5 25. Rxd4 b5 26. Bb3 Rhe8 27. Qd2 Ne4 28. Qd3 h5 29. Rd5 Qf4 30. Rxb5 Nf6 31. Rg5+ Kf8 32. g3 1-0

[Event "Titled Tuesday intern op 28th Jan Early"]
[Site "Chess.com INT"]
[Date "2025.01.28"]
[Round "7"]
[White "Hurtado, Agustin Leandro"]
[Black "Thomas, Anysia"]
[Result "1-0"]
[WhiteElo "1995"]
[BlackElo "2144"]
[PlyCount "115"]
[EventDate "2025.01.28"]
[EventType "swiss (blitz)"]
[EventRounds "11"]
[EventCountry "USA"]
[SourceTitle "CB06_2025"]
[SourceDate "2025.02.05"]
[SourceVersion "1"]
[SourceVersionDate "2025.02.05"]
[SourceQuality "1"]

1. e4 c5 2. Nf3 g6 3. d4 cxd4 4. Nxd4 Nc6 5. Nc3 Bg7 6. Be3 Nf6 7. f3 0-0 8. Qd2 d5 9. 0-0-0 dxe4 10. Nxc6 Qxd2+ 11. Bxd2 bxc6 12. fxe4 Bg4 13. Re1 Rfd8 14. h3 Be6 15. g4 Rab8 16. Bg2 Nd7 17. Na4 Ne5 18. b3 Rb5 19. Be3 a5 20. Bf1 Rb4 21. Bd2 Rxd2 22. Kxd2 Nf3+ 23. Kd1 Nxe1 24. Kxe1 Rxe4+ 25. Kd2 Bh6+ 26. Kd3 Re3+ 27. Kd4 Bd5 28. Rh2 Re1 29. Bd3 Be3+ 30. Kc3 Bf4 31. Re2 Rxe2 32. Bxe2 Be5+ 33. Kd3 Bg2 34. h4 Kg7 35. Nc5 Bg3 36. h5 f5 37. gxf5 gxf5 38. Nb7 Be4+ 39. Kd2 Bf4+ 40. Kd1 Kf6 41. Nxa5 Kg5 42. Nc4 Bd5 43. a4 e5 44. a5 c5 45. Nb6 Bb7 46. a6 Be4 47. a7 Be3 48. Ke1 f4 49. Kf1 f3 50. Bd3 Bc6 51. a8Q Bxa8 52. Nxa8 Kxh5 53. Be4 Kg4 54. Nc7 Kf4 55. Bc6 e4 56. Ne6+ Ke5 57. Ng7 Kf4 58. Nh5+ 1-0

[Event "Titled Tuesday intern op 28th Jan Early"]
[Site "Chess.com INT"]
[Date "2025.01.28"]
[Round "11"]
[White "Swara, Lakshmi S Nair"]
[Black "Thomas, Anysia"]
[Result "1-0"]
[WhiteElo "2158"]
[BlackElo "2144"]
[PlyCount "119"]
[EventDate "2025.01.28"]
[EventType "swiss (blitz)"]
[EventRounds "11"]
[EventCountry "USA"]
[SourceTitle "CB06_2025"]
[SourceDate "2025.02.05"]
[SourceVersion "1"]
[SourceVersionDate "2025.02.05"]
[SourceQuality "1"]

1. e4 c5 2. Nf3 g6 3. d4 cxd4 4. Nxd4 Nc6 5. Nc3 Bg7 6. Be3 Nf6 7. Bc4 0-0 8. Bb3 Re8 9. f3 e6 10. 0-0 d5 11. exd5 Nxd5 12. Nxd5 exd5 13. Bf2 Na5 14. c3 b6 15. Qd3 Bb7 16. Rfe1 Qd6 17. Ba4 Re5 18. Bg3 Rxe1+ 19. Rxe1 Qf6 20. Re2 Nc4 21. b3 Nd6 22. Be5 Qd8 23. Bxg7 Kxg7 24. Nb5 Nxb5 25. Bxb5 a6 26. Qd4+ Qf6 27. Qxf6+ Kxf6 28. Bd3 Rc8 29. c4 dxc4 30. Bxc4 b5 31. Bd3 Bd5 32. Kf2 Be6 33. Ke3 Rc3 34. Rc2 Rxc2 35. Bxc2 Ke5 36. a3 h6 37. b4 g5 38. g3 f5 39. f4+ gxf4+ 40. gxf4+ Kd6 41. Kd4 Bd7 42. Bd1 Be6 43. Bf3 Bd7 44. Bb7 Kc7 45. Bd5 Kd6 46. h4 Bc8 47. Bf3 Bd7 48. Bh5 Bc8 49. Bf7 Bd7 50. Bb3 Bc8 51. a4 bxa4 52. Bxa4 Bb7 53. Be8 Be4 54. Bg6 Ke6 55. Be8 Kd6 56. Ba4 Bb1 57. Bb3 Be4 58. Bc4 Bb1 59. Bxa6 Be4 60. Bd3 1-0

[Event "Titled Tuesday intern op 28th Jan Early"]
[Site "Chess.com INT"]
[Date "2025.01.28"]
[Round "1"]
[White "Thomas, Anysia"]
[Black "Manukian, Artak"]
[Result "0-1"]
[WhiteElo "2144"]
[BlackElo "2104"]
[PlyCount "84"]
[EventDate "2025.01.28"]
[EventType "swiss (blitz)"]
[EventRounds "11"]
[EventCountry "USA"]
[SourceTitle "CB06_2025"]
[SourceDate "2025.02.05"]
[SourceVersion "1"]
[SourceVersionDate "2025.02.05"]
[SourceQuality "1"]

1. d4 d5 2. c4 dxc4 3. Nf3 Nf6 4. Nc3 c6 5. a4 Bf5 6. Ne5 Nbd7 7. Nxc4 Nb6 8. Ne3 Bg6 9. g3 a5 10. Bg2 e6 11. 0-0 Be7 12. b3 0-0 13. Nc4 Nbd5 14. Nxd5 exd5 15. Ne5 Nd7 16. Nxg6 hxg6 17. e4 dxe4 18. Bxe4 Nf6 19. Bg2 Qd7 20. Be3 Rfd8 21. Qe2 Nd5 22. Rad1 Nc3 23. Qc4 Nxd1 24. Rxd1 Qe6 25. d5 cxd5 26. Rxd5 Rdc8 27. Qb5 Rc7 28. Re5 Qd7 29. Qe2 Bf6 30. Re4 Re8 31. Rxe8+ Qxe8 32. h4 Bd4 33. Qd3 Bxe3 34. fxe3 Rd7 35. Bd5 Qe5 36. e4 Rc7 37. Kg2 Qc3 38. Qb5 Qc2+ 39. Kh3 Qf2 40. Qe8+ Kh7 41. Qd8 Qf1+ 42. Kg4 Qe2+ 0-1

[Event "Titled Tuesday intern op 28th Jan Early"]
[Site "Chess.com INT"]
[Date "2025.01.28"]
[Round "5"]
[White "Wu, Derek"]
[Black "Thomas, Anysia"]
[Result "1-0"]
[WhiteElo "2232"]
[BlackElo "2144"]
[PlyCount "91"]
[EventDate "2025.01.28"]
[EventType "swiss (blitz)"]
[EventRounds "11"]
[EventCountry "USA"]
[SourceTitle "CB06_2025"]
[SourceDate "2025.02.05"]
[SourceVersion "1"]
[SourceVersionDate "2025.02.05"]
[SourceQuality "1"]

1. d4 Nf6 2. c4 g6 3. Nc3 d5 4. cxd5 Nxd5 5. e4 Nxc3 6. bxc3 Bg7 7. Bc4 c5 8. Ne2 Nc6 9. Be3 cxd4 10. cxd4 Qa5+ 11. Qd2 Qxd2+ 12. Kxd2 0-0 13. Rhd1 Rd8 14. Ke1 Na5 15. Bd3 Be6 16. Rac1 b6 17. d5 Bg4 18. f3 Bd7 19. Bg5 Kf8 20. Ba6 h6 21. Bf4 Ba4 22. Rd2 g5 23. Bg3 Rd7 24. Nd4 Nb7 25. Nf5 Nc5 26. Be2 Rad8 27. Nxg7 Kxg7 28. Be5+ f6 29. Bd4 Nb7 30. Rb2 Nd6 31. Rb4 b5 32. Rc6 a5 33. Rb1 b4 34. Ra6 Bb5 35. Rxa5 Bxe2 36. Kxe2 Rc8 37. Kd3 e5 38. dxe6 Re7 39. Rxb4 Rxe6 40. Ra6 Kg6 41. Rbb6 Rd8 42. g4 h5 43. h3 hxg4 44. hxg4 Kf7 45. a4 Ke7 46. Bc5 1-0

[Event "Titled Tuesday intern op 14th Jan Early"]
[Site "Chess.com INT"]
[Date "2025.01.14"]
[Round "4"]
[White "Afonasieva, Anna"]
[Black "Thomas, Anysia"]
[Result "1/2-1/2"]
[WhiteElo "2112"]
[BlackElo "2144"]
[PlyCount "68"]
[EventDate "2025.01.14"]
[EventType "swiss (blitz)"]
[EventRounds "11"]
[EventCountry "USA"]
[SourceTitle "CB04_2025"]
[SourceDate "2025.01.22"]
[SourceVersion "1"]
[SourceVersionDate "2025.01.22"]
[SourceQuality "1"]

1. d4 Nf6 2. Nf3 g6 3. g3 Bg7 4. Bg2 d5 5. 0-0 c5 6. c4 dxc4 7. Qa4+ Nc6 8. dxc5 0-0 9. Qxc4 Be6 10. Qh4 Qa5 11. Bh6 Qxc5 12. Bxg7 Kxg7 13. Nc3 Rad8 14. Ng5 Bf5 15. e4 Bc8 16. Nd5 h6 17. Nh3 Be6 18. Nxf6 exf6 19. Nf4 Qe5 20. Nxe6+ fxe6 21. b3 g5 22. Qh5 Rd2 23. Rad1 Rfd8 24. Rxd2 Rxd2 25. Rd1 Qd6 26. Rxd2 Qxd2 27. h4 Ne5 28. hxg5 hxg5 29. Qe8 Qe1+ 30. Bf1 Qxe4 31. Qe7+ Kg6 32. Qe8+ Kg7 33. Qe7+ Kg6 34. Qe8+ Kg7 1/2-1/2

[Event "Titled Tuesday intern op 14th Jan Early"]
[Site "Chess.com INT"]
[Date "2025.01.14"]
[Round "6"]
[White "Silva, Lucas"]
[Black "Thomas, Anysia"]
[Result "1-0"]
[WhiteElo "2254"]
[BlackElo "2144"]
[PlyCount "59"]
[EventDate "2025.01.14"]
[EventType "swiss (blitz)"]
[EventRounds "11"]
[EventCountry "USA"]
[SourceTitle "CB04_2025"]
[SourceDate "2025.01.22"]
[SourceVersion "1"]
[SourceVersionDate "2025.01.22"]
[SourceQuality "1"]

1. e4 c5 2. Nf3 g6 3. d4 cxd4 4. Nxd4 Nc6 5. c4 Bg7 6. Be3 Nf6 7. Nc3 Ng4 8. Qxg4 Nxd4 9. Qd1 e5 10. Bd3 0-0 11. 0-0 d6 12. Kh1 Be6 13. f4 exf4 14. Bxf4 Rc8 15. Nd5 b5 16. cxb5 Bxd5 17. exd5 Rc5 18. a4 Rxd5 19. Bc4 Rc5 20. Bd3 Ne6 21. Be3 Rh5 22. Be2 Rh4 23. Bf2 Rb4 24. Bxa7 Rxb2 25. Rb1 Rxb1 26. Qxb1 Qa5 27. b6 Qxa4 28. Qb5 Qa3 29. Qd3 Nd4 30. Qxa3 1-0

[Event "Titled Tuesday intern op 24th Sep Early"]
[Site "Chess.com INT"]
[Date "2024.09.24"]
[Round "7"]
[White "Bruhovich, Olexandr"]
[Black "Thomas, Anysia"]
[Result "1-0"]
[WhiteElo "2208"]
[BlackElo "2144"]
[PlyCount "117"]
[EventDate "2024.09.24"]
[EventType "swiss (blitz)"]
[EventRounds "11"]
[EventCountry "USA"]
[SourceTitle "EXT 2025"]
[Source "ChessBase"]
[SourceDate "2024.10.14"]
[SourceVersion "1"]
[SourceVersionDate "2024.10.14"]
[SourceQuality "1"]

1. e4 c5 2. Nf3 g6 3. d4 cxd4 4. Nxd4 Nc6 5. Be3 Nf6 6. Nc3 Bg7 7. Be2 0-0 8. Nb3 a5 9. a4 d5 10. exd5 Nb4 11. Bf3 Bf5 12. Rc1 Rc8 13. 0-0 Nd7 14. Bd4 Ne5 15. Be4 Bxe4 16. Nxe4 Qxd5 17. Nc3 Qd6 18. Qe2 Rfd8 19. Rcd1 Qe6 20. Nc5 Qf5 21. Nxb7 Nf3+ 22. Qxf3 Qxf3 23. gxf3 Bxd4 24. Nxd8 Rxd8 25. Nb5 Nxc2 26. Nxd4 Nxd4 27. Kg2 e5 28. Rc1 Rb8 29. Rc5 Rxb2 30. Rxa5 f6 31. Rc1 Kg7 32. Rc7+ Kh6 33. Raa7 Rb3 34. h4 g5 35. Rxh7+ Kg6 36. h5+ Kf5 37. Rhb7 Rc3 38. h6 Nxf3 39. h7 Nh4+ 40. Kf1 Rc1+ 41. Ke2 Rc2+ 42. Kd3 Rxf2 43. h8Q e4+ 44. Kd4 Rd2+ 45. Kc3 Rd3+ 46. Kc2 Nf3 47. Qh7+ Kf4 48. Qd7 Nd4+ 49. Kb2 Rd2+ 50. Kb1 Rd3 51. Rb4 Rd1+ 52. Ka2 Rd2+ 53. Rb2 Rd3 54. Qd6+ Ke3 55. Qxf6 Nf3 56. Qb6+ Kf4 57. Rf7+ Kg4 58. Qe6+ Kg3 59. Rg7 1-0

[Event "Titled Tuesday intern op 24th Sep Early"]
[Site "Chess.com INT"]
[Date "2024.09.24"]
[Round "6"]
[White "Kocharin, Timur"]
[Black "Thomas, Anysia"]
[Result "1-0"]
[WhiteElo "2234"]
[BlackElo "2144"]
[PlyCount "37"]
[EventDate "2024.09.24"]
[EventType "swiss (blitz)"]
[EventRounds "11"]
[EventCountry "USA"]
[SourceTitle "EXT 2025"]
[Source "ChessBase"]
[SourceDate "2024.10.14"]
[SourceVersion "1"]
[SourceVersionDate "2024.10.14"]
[SourceQuality "1"]

1. d4 Nf6 2. Nc3 d5 3. Bf4 g6 4. e3 Bg7 5. h4 c5 6. Nb5 Na6 7. h5 0-0 8. hxg6 hxg6 9. Nf3 Bg4 10. Be2 Qa5+ 11. c3 Nh5 12. Be5 f6 13. Bh2 Rae8 14. Nh4 Bxe2 15. Qxe2 cxd4 16. Nxg6 Rf7 17. Bc7 Nxc7 18. Qxh5 Qxb5 19. Qh7# 1-0